| 000 | 00827nas a2200265 4500 | ||
|---|---|---|---|
| 001 | BR0905245 | ||
| 003 | BR-BrBNA | ||
| 005 | 20231205113638.0 | ||
| 007 | ta | ||
| 008 | 230509b bl.|||p| |||| 00| 00por d | ||
| 040 |
_aBR-BrBNA _bpor _cBiblioteca Nacional de Agricultura |
||
| 041 | _a(En) | ||
| 072 | _aF02 | ||
| 100 | 1 | _aRech Filho, A. | |
| 100 | 1 | _aDal Vesco, L.L. | |
| 100 | 1 | _aGuerra, M.P. | |
| 245 | 1 | _aAdventitious shoots from nodule cluster cultures of Vriesea reitzii: an endemic and endangered bromeliad from atlantic forest | |
| 650 | _aBROMÉLIA | ||
| 650 | _aACLIMATAÇÃO | ||
| 650 | _aCULTURA DE TECIDO | ||
| 650 | _aMUDA | ||
| 773 | 0 |
_tCiência Rural (Brazil) _xISSN 0103-8478 _g(May-Jun 2009), v. 39(3) p. 909-912 _wBR0905245 |
|
| 909 |
_a202311 _bLúcia _c55 _dLúcia Elande |
||
| 942 |
_2AGRIS _n0 _cANA |
||
| 999 |
_c204858 _d204858 |
||